02786cam a2200433 a 450000100090000000300040000900500170001300600190003000700150004900800410006402000380010502000350014302000380017802000350021602000350025102000320028603500260031804000310034405000210037506000150039608200150041111101200042621000630054624501420060926000350075149000930078650001770087950000420105650400510109850508010114950600430195065000260199365500150201970000230203470000250205777300550208283000770213785601380221410308790OSt20150408114202.0m d cr n 130207s2013 ne a sb 101 0 eng d a9789400749252 (pbk. : alk. paper) a9400749252 (pbk. : alk. paper) a9789400749221 (hbk. : alk. paper) a9400749228 (hbk. : alk. paper) a9789400749238 (electronic bk.) a9400749236 (electronic bk.) a(WaSeSS)ssj0000877641 aIXAbengcIXAdCDXdWaSeSS 4aQH505b.N38 201000a2013 B-37004a571.4bNAD2 aNATO Advanced Study Institute on Biophysics and Structure to Counter Threats and Challengesd(2010 :cErice, Italy)10aBiophysics and structure to counter threats and challenges10aBiophysics and structure to counter threats and challengesh[electronic resource] /cedited by Joseph D. Puglisi and Manolia V. Margaris. aDordrecht :bSpringer,cc2013.1 aNATO science for peace and security series. Series B, Physics and biophysics,x1874-6500 a"Proceedings of the NATO Advanced Study Institute on Biophysics and Structure to Counter Threats and Challenges, Erice, Sicily, Italy, 22 June - 2 July, 2010."--t.p. verso. aInternational conference proceedings. aIncludes bibliographical references and index.0 aFrom the Contents: Macromolecular Models by Single Molecule FRET -- System-specific scoring Functions; Application to Guanine-containing Ligands and Thrombin -- Large DNA Template Dependent Error Variation during Transcription -- Structures of Novel HIV-inactivating Lectins -- Fluorescence Resonance Energy Transfer Studies of Structure and Dynamics in Nucleic Acids -- An Introduction to Macromolecular Crystallography through Parable and Analogy -- Using NMR to determine the Conformation of the HIV reverse Transcription Initiation Complex -- Approaches to Protein-ligand Structure Determination by NMR Spectroscopy: Applications in Drug Binding to the Cardiac Regulatory Protein Troponin C -- How do Nascent Proteins emerge from the Ribosome? -- Course Abstracts and Posters -- Author Index. aLicense restrictions may limit access.12aBiophysical Phenomena 2aCongresses1 aPuglisi, Joseph D.1 aMargaris, Manolia V. 0tSpringerLink ebooks - Physics and Astronomy (2013) 0aNATO science for peace and security series.nB,pPhysics and biophysics.40uhttp://www.columbia.edu/cgi-bin/cul/resolve?clio10308790zFull text available from SpringerLink ebooks - Physics and Astronomy (2013)